Technology and economic development: the dynamics of local, regional and national competitiveness (Record no. 382677)

000 -LEADER
fixed length control field 00498cam a22001577a 4500
008 - FIXED-LENGTH DATA ELEMENTS--GENERAL INFORMATION
fixed length control field 180718b1997 xxu||||| |||| 00| 0 eng d
020 ## - INTERNATIONAL STANDARD BOOK NUMBER
International Standard Book Number 058227723X
082 ## - DEWEY DECIMAL CLASSIFICATION NUMBER
Classification number T19 M293/97
100 ## - MAIN ENTRY--PERSONAL NAME
Personal name Malecki, Edward J.
245 ## - TITLE STATEMENT
Title Technology and economic development: the dynamics of local, regional and national competitiveness
Statement of responsibility, etc. by Edward J. Malecki
250 ## - EDITION STATEMENT
Edition statement 2nd ed.
260 ## - PUBLICATION, DISTRIBUTION, ETC.
Place of publication, distribution, etc. Harlow
Name of publisher, distributor, etc. Longman
Date of publication, distribution, etc. 1997
300 ## - PHYSICAL DESCRIPTION
Extent 460p.
650 ## - SUBJECT ADDED ENTRY--TOPICAL TERM
Topical term or geographic name entry element Technological innovations
650 ## - SUBJECT ADDED ENTRY--TOPICAL TERM
Topical term or geographic name entry element Economic development
Holdings
Withdrawn status Lost status Damaged status Not for loan Permanent Location Current Location Date acquired Full call number Barcode Date last seen Price effective from Koha item type
        Indian Institute of Public Administration Indian Institute of Public Administration 1998-01-01 T19 M293/97 72663 2018-07-21 2018-07-21 Book

Powered by Koha